Logros, obstáculos y retos de la integración regional (Registro nro. 304626)

Detalles MARC
000 -ENCABEZADO
Número de control [NR] 01472nam a2200313 a 4500
005 - FECHA Y HORA DE LA ÚLTIMA TRANSACCIÓN
control field 20160915125522.0
008 - DE LONGITUD FIJA DE DATOS DE ELEMENTOS - INFORMACIÓN GENERAL
Elementos de longitud fija [NR] 160915s2015 ck ab gr 00010 spa d
020 ## - NUMERO INTERNACIONAL NORMALIZADO PARA LIBROS [R]
Número Internacional Normalizado del libro [NR] 9789585867529
040 ## - FUENTE DE CATALOGACION [NR]
Agencia de catalogación original [NR] CO-BoUCM
Idioma de catalogación [NR] spa
Quien Cataloga Edgar Pinilla
Quien Clasifica Edgar Pinilla
041 0# - CODIGO DE IDIOMA [R]
Código de idioma para texto/pista de sonido o título separado [R] Español
245 00 - MENCION DE TITULO [NR]
Título [NR] Logros, obstáculos y retos de la integración regional
Parte restante del título [NR] V y VI Cátedra de Integración Latinoamericana y Caribeña
Mención de responsabilidad, etc. [NR] por Manuel Camilo González Vides...[y otros] ; prólogo de Francisco Rojas Aravena
260 ## - PUBLICACION, DISTRIBUCION, ETC. (PIE DE IMPRENTA) [R]
Lugar de publicación, distribución, etc. [R] Bogotá (Colombia)
Nombre del editor, distribuidor, etc. [R] Universidad de Ciencias Aplicadas y Ambientales
-- Asociación de Universidades de América Latina y el Caribe para la Integración
Fecha de publicación, distribución, etc. [R] 2015
300 ## - DESCRIPCION FISICA [R]
Extensión [R] xxi, 307 páginas
Otros detalles físicos [NR] ilustraciones, mapas
490 0# - MENCION DE SERIE [R]
Mención de serie [R] Ágora Latinoamericana
Designación numérica/secuencial del volumen [NR] 1
650 04 - ASIENTO SECUNDARIO DE MATERIA - TERMINO TEMATICO [R]
Término temático o nombre geográfico como elemento de entrada [NR] Economía latinoamericana
9 (RLIN) 13701
650 04 - ASIENTO SECUNDARIO DE MATERIA - TERMINO TEMATICO [R]
Término temático o nombre geográfico como elemento de entrada [NR] Desarrollo económico
Subdivisión geográfica [R] América Latina
9 (RLIN) 37016
650 04 - ASIENTO SECUNDARIO DE MATERIA - TERMINO TEMATICO [R]
Término temático o nombre geográfico como elemento de entrada [NR] Desarrollo económico
Subdivisión geográfica [R] Región Caribe
9 (RLIN) 80179
650 04 - ASIENTO SECUNDARIO DE MATERIA - TERMINO TEMATICO [R]
Término temático o nombre geográfico como elemento de entrada [NR] Integración regional
Subdivisión geográfica [R] América Latina
9 (RLIN) 80180
650 04 - ASIENTO SECUNDARIO DE MATERIA - TERMINO TEMATICO [R]
Término temático o nombre geográfico como elemento de entrada [NR] Integración regional
Subdivisión geográfica [R] Región Caribe
9 (RLIN) 80181
650 04 - ASIENTO SECUNDARIO DE MATERIA - TERMINO TEMATICO [R]
Término temático o nombre geográfico como elemento de entrada [NR] Educación
Subdivisión geográfica [R] América Latina
9 (RLIN) 30207
690 #0 - ASUNTO AGREGADO LOCAL DE ENTRADA - TÉRMINO TEMÁTICO (OCLC, RLIN)
Acceso temático local Economía internacional
9 (RLIN) 7543
700 1# - ASIENTO SECUNDARIO - NOMBRE PERSONAL [R]
Nombre personal [NR] González Vides, Manuel Camilo
9 (RLIN) 80187
700 1# - ASIENTO SECUNDARIO - NOMBRE PERSONAL [R]
Nombre personal [NR] Morales Pérez, Isaac
9 (RLIN) 80188
700 1# - ASIENTO SECUNDARIO - NOMBRE PERSONAL [R]
Nombre personal [NR] Cardona, Gerardo
9 (RLIN) 80189
700 1# - ASIENTO SECUNDARIO - NOMBRE PERSONAL [R]
Nombre personal [NR] Valencia, Jackeline
9 (RLIN) 80190
700 1# - ASIENTO SECUNDARIO - NOMBRE PERSONAL [R]
Nombre personal [NR] Rojas Aravena, Francisco
Término de relación [R] prólogo
9 (RLIN) 31911
942 ## - ELEMENTOS DE ENTRADA AGREGADOS (KOHA)
Sistema de clasificación DEWEY
Tipo de ítem principal el descrito en 300a Libro
Tema principal Economía
Edición 1
Clasificación 338.98
Parte restante de la signatura top. L832
Existencias
Fecha de último préstamo Total préstamos Total Renewals Signatura topográfica Código de barras Última vez visto Ejemplar Costo de reposición Price effective from Tipo de ítem Perdido Dañado No prestable Tipo de ítem específico Suprimido Ubicación habitual Ubicación actual Localización Fecha de creación Proveedor Forma de adquisición Costo
07/02/2020 2 3 338.98 L832 100150424 04/12/2025 Ej.1 26000.00 13/09/2016 Libro       Libro   Claustro Claustro Mezanine 13/09/2016 12 Donación 0.00